Durability of building sealants (Record no. 103908)

MARC details
000 -LEADER
fixed length control field 00915cam a2200181 4500
008 - FIXED-LENGTH DATA ELEMENTS--GENERAL INFORMATION
fixed length control field 041223n1999 000 0 eng u
020 ## - INTERNATIONAL STANDARD BOOK NUMBER
International Standard Book Number 0203627202
035 ## - SYSTEM CONTROL NUMBER
System control number (Sirsi) u128410
041 ## - LANGUAGE CODE
Language code of text/sound track or separate title eng
100 ## - MAIN ENTRY--PERSONAL NAME
Personal name Wolf, A.
245 ## - TITLE STATEMENT
Title Durability of building sealants
260 ## - PUBLICATION, DISTRIBUTION, ETC.
Date of publication, distribution, etc. 1999
520 ## - SUMMARY, ETC.
Summary, etc. Contains the proceedings of the second international symposium on durability of building sealants. The contributions reflect the wide sprectrum of current research and provide for the development of an international standard on sealant durability. Will be of particular interest to researchers, development and technical service personnel at sealant manufacturers, senior construction engineers and architects in consulting companies, and senior construction and maintenance engineers.
650 ## - SUBJECT ADDED ENTRY--TOPICAL TERM
Topical term or geographic name entry element BUILDING SEALANTS
650 ## - SUBJECT ADDED ENTRY--TOPICAL TERM
Topical term or geographic name entry element SEALANTS
690 ## - LOCAL SUBJECT ADDED ENTRY--TOPICAL TERM (OCLC, RLIN)
Topical term or geographic name as entry element BUILT ENVIRONMENT-BUILDING MATERIALS
942 ## - ADDED ENTRY ELEMENTS (KOHA)
Suppress in OPAC 0

No items available.